000 00625nam a2200217Ii 4500
003 JO-AjNU
008 230605s9999||||xx |||||||||||||| ||und||
017 _a2012/1/119
040 _aJO-AjNU
_bara
_erda
_cJO-AjNU
041 _aara
050 1 4 _aPJ7876 2013
100 3 _aمرجي، ناريمان فريد ذيب,
_eauthor
_947488
245 0 0 _aتنهدات جدة
250 _aط2
264 3 1 _aعمان: المؤلف، 2013
300 _a227ص
336 _atext
_btxt
_2rdacontent
337 _aunmediated
_bn
_2rdamedia
338 _avolume
_bnc
_2rdacarrier
650 4 _aالأدب العربي - قصص
_947489
999 _aA20734
_c24302
_d24302